|
|
|
|
| LEADER |
00000nam a2200000 a 4500 |
| 001 |
UCH7867 |
| 003 |
CL-VaPUC |
| 008 |
091126e20040000CL |||||||||||||||||spa|d |
| 082 |
0 |
4 |
|a 379
|b CEN
|2 21
|
| 110 |
2 |
|
|a Centro para la Cooperación con los Países No Miembros de la OCDE
|e author
|9 544260
|
| 710 |
2 |
|
|a CCNM
|e author
|9 544261
|
| 245 |
1 |
0 |
|a Revisión de políticas nacionales de educación: Chile
|
| 300 |
|
|
|a 305 p
|
| 942 |
|
|
|c BK
|
| 945 |
|
|
|d 20091126 00:00:00
|a cmena
|
| 260 |
|
|
|a Santiago
|b OCDE
|c 2004
|
| 650 |
|
0 |
|a Política gubernamental
|9 262286
|
| 650 |
|
0 |
|a Estado y educación
|9 311264
|
| 650 |
|
0 |
|a Políticas públicas
|9 309677
|
| 583 |
|
|
|a last modification
|c 20120627 11:16:22
|k Rodrigo Vera
|
| 999 |
|
|
|c 338213
|d 338211
|
| 952 |
|
|
|0 0
|1 0
|4 0
|6 379_000000000000000_CEN_2004
|7 0
|8 C
|9 431097
|a BIBCUR
|b BIBCUR
|d 2019-11-22
|i 4603729
|o 379 CEN 2004
|p 4603729
|r 2025-04-22
|w 2019-11-22
|y BK
|k IDI
|